LIBRARY & INFORMATION CENTRE, KCAET, TAVANUR

ONLINE PUBLIC ACCESS CATALOGUE (OPAC)

Achanum Makalum / (Record no. 605)

MARC details
000 -LEADER
fixed length control field 00278cam a2200109ua 4500
082 ## - DEWEY DECIMAL CLASSIFICATION NUMBER
Classification number 894.812 1
Item number VAL/AC
100 ## - MAIN ENTRY--AUTHOR NAME
Personal name Narayana Menon, Vallathol.
245 ## - TITLE STATEMENT
Title Achanum Makalum /
260 ## - PUBLICATION, DISTRIBUTION, ETC. (IMPRINT)
Place of publication Cheruthuruthy :
Name of publisher Vallathol Granthalayam ,
Year of publication 1970.
300 ## - PHYSICAL DESCRIPTION
Number of Pages 61 ; .
942 ## - ADDED ENTRY ELEMENTS (KOHA)
Koha item type Books
Holdings
Withdrawn status Lost status Damaged status Home library Current library Date acquired Full call number Accession Number Koha item type
      KAUAET KAUAET 07/04/2012 894.812 1 13316 Books
free website counter